| 000 | 00959nam a2200277 a 4500 | ||
|---|---|---|---|
| 001 | 000020109 | ||
| 005 | 20200929170253.0 | ||
| 008 | 100721s2000 dr 000 f spa d | ||
| 020 | _a8481302066 | ||
| 040 |
_aDO-SdBNP _bspa _cBNPHU |
||
| 041 | 1 | 7 |
_aspa _heng _2Código de idiomas MARC |
| 082 |
_a823.914 _bG619s |
||
| 100 | 1 |
_aGolding, William, _d1911-1993 _942697 |
|
| 240 | 1 | 0 |
_aLord of the files. _lEspañol |
| 245 | 1 | 3 |
_aEl señor de las moscas / _cWilliam Golding; traducción de Carles Serrat Mulà. |
| 260 |
_aSanto Domingo : _bEl Siglo, _c2000. |
||
| 300 |
_a198 p. ; _c21 cm. |
||
| 490 | 1 |
_aJoyas del milenio _v21 |
|
| 534 |
_aTítulo original: Lord of the files _cBarcelona : Bibliotex, 2000. |
||
| 590 | _aInventariado, 2018/ YL | ||
| 650 | 4 |
_aNovela inglesa _91071 |
|
| 650 | 4 |
_aLiteratura inglesa _9498 |
|
| 700 | 1 |
_aCarles Serrat Mulà, _etr. _942698 |
|
| 830 | 0 |
_aJoyas del milenio; _v21 _922251 |
|
| 910 | _aValidado. Control de calidad WM | ||
| 999 |
_c19617 _d19617 |
||